000 00711nam a22002297a 4500
003 DO-SdBNP
005 20210903092153.0
008 210413b2017 dr || 00| 0 spa d
020 _a9789945609127
040 _aBPMSU
_bspa
_cBPMSU
082 _aRD863.5
_bM491a 2017
_222
100 1 _aMedina, Orquendo
_d1955 -
245 1 0 _aAunque me cueste la vida :
_bnovela /
_cOrquendo Medina
260 _aSanto Domingo :
_bSantuario,
_c2017.
300 _a183 p. ;
_c23 cm.
500 _aIncluyes datos biográficos del autor en la sola de la contracubierta.
590 _6Inventariado, 2021/ VM
650 4 _aNovela dominicana
650 4 _aLiteratura dominicana
910 _aMcabrera /VMateo V
942 _2ddc
_cBK
999 _c13418
_d13418